000 00457cam a2200181ua 4500
001 2104
008 110803n ii |||gr||||Z||||||asm
040 _cMAIN
082 _a370.15
100 _aSharma, Mukul Kr.,
_eAuthor.
245 1 _aShiksha monobigyan
_cby Mukul Kr. Sharma
250 _a7th.
260 _aDibrugarh:
_bStudents stores,
_c2006.
300 _aix; 684p:
_bill;
_c23cm.
653 _aEducation
653 _aShiksha monobigyan
942 _cBK
999 _c1972
_d1972